000 00715nam a22002297a 4500
999 _c20197
_d20197
005 20200214120529.0
010 _aB-283749 , UR-7532
020 _a8182233933
_c200.00
035 _aB-283749
035 _aU-6087
037 _bBPPD/Pub.
082 _a954.0841
100 _aشفیع ایوب
245 _aتحریک آزادی اور الہلال /
_cشفیع ایوب
246 _aTehrik-E-Azadi Aur Al-Hilal /
_bby Shafi Ayub
260 _aDelhi
_bEducational Publishing House
_c2008 ء
270 _a3108, Vakil Street, Kucha Pandit, Lal Kuan
_bDelhi
_e110006
300 _a247p.
_c23cm(Hb)
650 _aIndian History
650 _aتارخ
942 _2ddc
_cUR
_h954.0841
_mش ف ی